Pedro Berruguete en Paredes de Nava

Salvato in:
Dettagli Bibliografici
Autore principale: Angulo, Diego (Autore)
Natura: Libro
Lingua:spagnolo
Pubblicazione: Barcelona Juventud S. A 1946
Edizione:1a. ed
Serie:Obras Maestras del Arte Español, 6
Soggetti:
Tags: Aggiungi Tag
Nessun Tag, puoi essere il primo ad aggiungerne!!

MARC

LEADER 00000cam a2200000 a 4500
001 UCE0604
003 CL-VaPUC
008 140124e19460500sp |||||||||||||||||spa|d
082 0 4 |a 759.46  |b ANG  |2 21 
100 0 |a Angulo, Diego  |e author  |9 572970 
245 1 0 |a Pedro Berruguete en Paredes de Nava 
250 |a 1a. ed 
300 |a 32 p 
942 |c BK 
945 |d 20140124 15:34:00  |a dcastane 
260 |a Barcelona  |b Juventud S. A  |c 1946 
650 0 |a Pintura española   |9 315217 
650 0 |a Pintores españoles  |9 315216 
583 |a last modification  |c 20140124 15:34:00  |k Rodrigo Vera 
490 0 |a Obras Maestras del Arte Español, 6 
999 |c 354673  |d 354671 
952 |0 0  |1 0  |3 erd  |4 0  |6 759_460000000000000_ANG_1946  |7 0  |8 R  |9 460663  |a BIBART  |b BIBART  |i 5003768  |o 759.46 ANG 1946  |p 5003768  |r 2025-03-13  |w 2019-11-23  |y BK_R  |z Catalogado en:20140124  |k ART